| 000 | 00548nam a2200193 a 4500 | ||
|---|---|---|---|
| 001 | 1769935627781 | ||
| 003 | YourLibrary | ||
| 005 | 20260201143129.0 | ||
| 008 | 260201s2000##################000#0#eng## | ||
| 020 | _a9780792379645 | ||
| 082 | 0 | 4 |
_a332.494 _bOOG |
| 100 | 1 |
_aOoghe, Hubert, _eauthor. |
|
| 245 | 1 | 0 | _aThe Economic and Business Consequences of the EMU : |
| 260 |
_bSpringer Science & Business Media, _c2000. |
||
| 300 | _a456 pages | ||
| 650 | 0 | _aBusiness & Economics. | |
| 942 | _cENGLISH | ||
| 040 |
_aYourLibrary _beng _cYourLibrary |
||
| 999 |
_c609705 _d609705 |
||